000 00831nam a2200253 a 4500
001 000019453
005 20250612105738.0
008 100629s2005 es c 000 0 spa d
020 _a8497647610
040 _aDO-SdBNP
_bspa
_cBNPHU
082 _a920.43
_bF828T
100 1 _aTaberner San Juan, Beatriz
_941772
245 1 0 _aAna Frank /
_cBeatriz Taberner San Juan ; coordinador general Felipe Sen.
260 _aMadrid, España :
_bPERYMAT,
_c2005.
300 _a191 p. :
_bretrs. ;
_c22 cm.
490 1 _aMujeres en la historia
504 _aIncluye bibliografías (p. 191)
600 1 4 _aFRANK, ANA,
_d1929 -1945
_941773
650 4 _aPersecuciones a los judios
_920375
650 0 _a Guerra Mundial, 1939-1945
_913822
700 1 _aSen, Felipe,
_ecoord.
_941707
830 0 _aMujeres en la historia
_941760
049 _aBNPD
999 _c18969
_d18969